00519nam a22001577a 450000500170000000800410001702000180005804100120007608200150008810000120010324501250011525000180024026000460025830000310030465000260033520241205091243.0241205b |||||||| |||| 00| 0 eng d a9781485152200 aEnglish a344.1 AWA  lEnglish aThe Role of Labour Court in the Transformation Age: The Namibian and South African Context /cMR Awarab and GN Moshoana  aFirst Edition aCape Town: bJuta and Company Ltd, c2024 bxlii, 265 pages; c26 cm.  aLegal practice bLaw